00697nam a2200241Ia 4500008004100000020001500041050001800056050001800074100002600092245005700118245006900175260001700244260002500261260000900286300001600295300002000311300001100331650002600342650001900368650003000387650001800417650002000435160303s9999 xx 000 0 und d a9710860321 aFIL HG 4515.3 b.M35 2000 c.1 aMalaborbor, Pastor B. aMathematics of investment by scientific calculator / cPastor B. Malaborbor, Antonina C. Sta-Maria, Florina G. Salamat. aMandaluyong: bNational Book Store, c2000 a200 pages : billustrations ; c26 cm. aBusiness mathematics. aInvestments -- aProblems, exercises, etc. x Mathematics. xCalculators --